Reuniones a distancia : teoría y práctica formal /

Estudio sobre los aspectos jurídicos que se deben de considerar en la reglamentación de videoconferencia como reuniones societarias argentinas.

Guardat en:
Dades bibliogràfiques
Autor principal: Carlino, Bernardo (autor)
Format: Llibre
Idioma:espanyol
Publicat: Buenos Aires, Argentina : Rubinzal-Culzoni, 2002, c2002
Matèries:
Etiquetes: Afegir etiqueta
Sense etiquetes, Sigues el primer a etiquetar aquest registre!

MARC

LEADER 00000nam^a2200000^a^4500
001 000157618
005 20250521000000.0
009 20260310100546.045
020 |a 950-727-400-6 
037 |a Acervo ITESO - Biblioteca 
041 |a ESP 
082 |a 343. 820999  |b CAR 
100 |a Carlino, Bernardo  |e (autor) 
245 1 0 |a Reuniones a distancia :  |b teoría y práctica formal /  |c B. Carlino ; pról. de Efraín Hugo Richard. 
264 4 |a Buenos Aires, Argentina :  |b Rubinzal-Culzoni,  |c 2002, c2002 
300 |a 270 p. 
336 |a texto  |b txt  |2 rdacontenido 
337 |a sin mediación  |b n  |2 rdamedio 
338 |a volumen  |b nc  |2 rdasoporte 
520 |a Estudio sobre los aspectos jurídicos que se deben de considerar en la reglamentación de videoconferencia como reuniones societarias argentinas. 
649 |a XX 
650 |a Teleconferencias -  |x Aspectos Jurídicos -  |x Tema Principal 
650 |a Tecnologías de Comunicación e Información 
650 |a Asambleas de Accionistas -  |z Argentina 
650 |a Firma Digital -  |x Aspectos Jurídicos 
650 |a Arbitraje Internacional 
650 |a Arbitraje Industrial 
650 |a Comunicación Personal 
650 |a Comunicación en Red -  |x Aspectos Jurídicos 
650 |a Redes de Computadoras -  |x Aspectos Jurídicos 
650 |a Criptografía 
650 |a Mediación de la Comunicación 
650 |a Propiedad Industrial 
650 |a Derecho de Autor 
650 |a Sociedades Mercantiles 
650 |a Prueba (Derecho) 
650 |a Práctica Jurídica 
650 |a Derecho Mercantil -  |z Argentina 
650 |a Derecho Privado -  |z Argentina 
650 |a Derecho Positivo -  |z Argentina 
650 |a Derecho Comparado 
910 |a Fondo General 
920 |a Impresos - Libros 
930 |a Colección General 
905 |a 101 
901 |a 0500087561  |b IT1  |c ACC  |u 20250521 
902 |a https://opac.biblio.iteso.mx/vufind/Record/000157618